000 00759cam a22002417a 4500
001 000015846
005 20240523181032.0
008 000107s1997 ve 000 | spa
020 _a9806429036
040 _aDO-SdBNP
_cDLC
082 _a110
_bC389h
100 1 _aCedeño, Rubén.
_b1952-
_935239
245 1 3 _aLa historia de la metafísica de Conny Méndez /
_cRubén Cedeño ; prólogo Luis Felipe Gil.
260 _aCaracas :
_bGrupo Editorial Asclepio,
_c1997.
300 _a147 p. ;
_c22 cm.
490 1 _aMetafísica
590 _aEjemplar autobiografiado por el autor.
650 4 _aMetafísica
_919469
700 1 _aGil, Luis Felipe
_epról.
_935242
830 _aMetafísica
_935656
910 _aCatalogación por copia / LC
049 _aBNGR
999 _c15390
_d15390